দুর্গেশনন্দিনী / (Record no. 74028)
[ view plain ]
| 000 -LEADER | |
|---|---|
| fixed length control field | 00896nam a2200229 a 4500 |
| 001 - CONTROL NUMBER | |
| control field | 74028 |
| 003 - CONTROL NUMBER IDENTIFIER | |
| rucl marc code | BD-RjUL |
| 005 - DATE AND TIME OF LATEST TRANSACTION | |
| control field | 20211209082458.0 |
| 008 - FIXED-LENGTH DATA ELEMENTS--GENERAL INFORMATION | |
| fixed length control field | 180118r19821978bg 000 0bben |
| 035 ## - SYSTEM CONTROL NUMBER | |
| System control number | (BD-RjUL)74246 |
| 040 ## - CATALOGING SOURCE | |
| Original cataloging agency | BD-RjUL |
| Transcribing agency | BD-RjUL |
| Modifying agency | BD-RjUL |
| Language of cataloging | ben |
| 041 ## - LANGUAGE CODE | |
| Language code of text/sound track or separate title | ben |
| 082 04 - DEWEY DECIMAL CLASSIFICATION NUMBER | |
| Classification number | 891.443 |
| Author mark and year | CHD 1982 |
| 100 1# - MAIN ENTRY--PERSONAL NAME | |
| Personal name | চট্টোপাধ্যায়, বঙ্কিমচন্দ্র |
| 9 (RLIN) | 116961 |
| 245 ## - TITLE STATEMENT | |
| Title | দুর্গেশনন্দিনী / |
| Statement of responsibility, etc. | বঙ্কিমচন্দ্র চট্টোপাধ্যায়. |
| 260 ## - PUBLICATION, DISTRIBUTION, ETC. (IMPRINT) | |
| Place of publication, distribution, etc. | ঢাকা : |
| Name of publisher, distributor, etc. | মুক্তধারা, |
| Date of publication, distribution, etc. | ১৯৮২ |
| 300 ## - PHYSICAL DESCRIPTION | |
| Pagination | ৮৩ পৃ. ; |
| Size | ২১ সেমি. |
| 490 ## - SERIES STATEMENT | |
| Series statement | মুক্তধারা, |
| Volume/sequential designation | ৭১২ |
| 650 ## - SUBJECT ADDED ENTRY--TOPICAL TERM | |
| Topical term or geographic name as entry element | বাংলা সাহিত্য |
| Form subdivision | উপন্যাস |
| 9 (RLIN) | 116625 |
| Topical term or geographic name as entry element | Bengali literature |
| Form subdivision | Novels |
| 9 (RLIN) | 116939 |
| 942 ## - ADDED ENTRY ELEMENTS (KOHA) | |
| Source of classification or shelving scheme | Dewey Decimal Classification |
| Koha item type | Books |
| Lost status | Source of classification or shelving scheme | Damaged status | Not for loan | Collection code | Permanent Location | Current Location | Shelving location | Date acquired | Source of acquisition | Cost, normal purchase price | Total Checkouts | Full call number | Date last seen | Copy number | Koha item type | Date checked out |
|---|---|---|---|---|---|---|---|---|---|---|---|---|---|---|---|---|
| Dewey Decimal Classification | Not For Loan | Fiction | Central Library, University of Rajshahi | Central Library, University of Rajshahi | Reading Room | 05/06/1983 | Muktodhara, Dhaka | 14.00 | B 891.443 CHD 1982 | 18/01/2018 | C-1 | Books | ||||
| Lost and Paid For | Dewey Decimal Classification | Fiction | Central Library, University of Rajshahi | Central Library, University of Rajshahi | 05/06/1983 | Muktodhara, Dhaka | 14.00 | 5 | B 891.443 CHD 1982 | 13/02/2025 | C-2 | Books | 13/02/2025 |